00762nam a2200169 a 450000100100000000500170001000800410002704000250006808200160009310000380010924500960014726000490024330000210029259000750031395201870038899900170057500003534420200930074255.0111027s1976 mx 000 0 spa d aDO-SdBNPbspacBNPHU axxxxbS586p1 aSilva Michelena, José A.96113010aPolítica y bloques de poder :bcrisis en el sistema mundial /cJosé A. Silva Michelena. aMéxico :bSiglo Veintiuno Editores,c1976. a291 p. ;c21 cm. aPerteneció a la biblioteca personal de Juan Isidro Jimenes Grullón 001050718MOaGRbGRcCTd2011-10-27iLF1l0oxxxx S586pp35344-10r2020-06-25w2020-06-25y1zPerteneció a la biblioteca personal de Juan Isidro Jimenes -GrullónZNo se presta c34835d34835